Máster: Biblioteca Práctica de Comunicación

Guardat en:
Dades bibliogràfiques
Format: Llibre
Idioma:espanyol
Publicat: Barcelona Océano 2007
Matèries:
Etiquetes: Afegir etiqueta
Sense etiquetes, Sigues el primer a etiquetar aquest registre!

MARC

LEADER 00000nam a2200000 a 4500
001 UCI8851
003 CL-VaPUC
008 081009e20070000SP |||||||||||||||||spa|d
020 |a 9788449422553 o.c 
020 |a 9788449422560v.1 
082 0 4 |a 302.2  |b MAS  |2 21 
245 1 0 |a Máster: Biblioteca Práctica de Comunicación 
300 |a 8 v 
942 |c BK 
945 |d 20081009 00:00:00  |a rbrito 
260 |a Barcelona  |b Océano  |c 2007 
500 |a Incluye Cd-Rom 
500 |a v.1: Autodominio 
500 |a v.2: Aprendizaje 
500 |a v.3: Lectura y memorización 
500 |a v.4: Expresión oral 
500 |a v.5: Expresión escrita 
500 |a v.6: Vocabulario 
500 |a v.7: Gramática 
500 |a v.8: Ortografía 
650 0 |a Autoeducación  |9 306343 
650 0 |a Conducta de vida   |9 255100 
650 0 |a Lingüística  |9 265068 
650 7 |a GRAMATICA COMPARADA  |2 CL-VaPUC  |9 374867 
650 0 |a Teoría del conocimiento   |9 255038 
650 0 |a Escritura  |9 264941 
650 0 |a Lectura  |9 307634 
650 0 |a Ortografía  |9 309144 
650 0 |a Vocabulario  |9 345405 
583 |a last modification  |c 20081009 00:00:00  |k Rodrigo Vera 
999 |c 331617  |d 331615